Tracés des bus franciliens (20-96) - uniquement les numéros - Statistiques

Statistiques générales
  • Ce quiz a été pris 6 fois
  • Le résultat moyen est 7 sur 20
Statistiques - réponses
Par images Réponse % Correct
21
100%
22
100%
31
100%
45
100%
54
100%
58
100%
62
100%
64
100%
87
100%
27
67%
47
67%
24
50%
25
50%
35
50%
40
50%
42
50%
46
50%
57
50%
59
50%
88
50%
PC
50%
30
33%
63
33%
66
33%
86
33%
20
0%
26
0%
28
0%
29
0%
32
0%
38
0%
39
0%
43
0%
48
0%
52
0%
56
0%
60
0%
61
0%
67
0%
68
0%
69
0%
70
0%
71
0%
72
0%
73
0%
74
0%
75
0%
76
0%
77
0%
80
0%
82
0%
83
0%
84
0%
85
0%
89
0%
91
0%
92
0%
93
0%
94
0%
95
0%
96
0%
Aucun quiz correspondant
Distribution des résultats
% des personnes avec chaque résultat
Percentile par nombre de réponses
Votre historique - résultats
Vous n’avez pas pris ce quiz